La pintura de los Estados Unidos de Museos de La Ciudad de Washington (Record no. 2988)
[ view plain ]
| 000 - LÍDER | |
|---|---|
| campo de control de longitud fija | 01052nam a2200181Ia 4500 |
| 008 - ELEMENTOS DE DATOS DE LONGITUD FIJA - INFORMACIÓN GENERAL | |
| campo de control de longitud fija | 0000001981 mX a 0000000000spa00 |
| 090 ## - NÚMERO DE LLAMADA DE TIPO LC LOCALMENTE ASIGNADO (OCLC) | |
| Número de clasificación (OCLC) (R) | PUS00 I57p |
| 110 1# - ENTRADA PRINCIPAL - NOMBRE CORPORATIVO | |
| Nombre corporativo o nombre de jurisdicción como elemento de entrada | Instituto Nacional de Bellas Artes. MéXico |
| 245 13 - TÍTULO DECLARACIÓN | |
| Título | La pintura de los Estados Unidos de Museos de La Ciudad de Washington |
| Declaración de responsabilidad | / Instituto Nacional de Bellas Artes |
| 260 ## - PUBLICACIÓN, DISTRIBUCIÓN | |
| Lugar de publicación | México : Instituto Nacional de Bellas Artes |
| Fecha de publicación | 1981 |
| 300 ## - DESCRIPCIÓN FÍSICA | |
| Alcance | 220 p. |
| Dimensiones | / 27 cm. |
| 500 ## - NOTA GENERAL | |
| Nota general | Exposición realizada en el Museo del Palacio de Bellas Artes, Noviembre 18, 1980 Enero 4 , 1981 \ Con el patronazgo del maestro venezolano Jesús Rafael Soto (q.e.p.d.) \ Registro auspiciado por el IDCT. Bogotá |
| 505 ## - NOTA DE CONTENIDO FORMATEADA | |
| Nota sobre el contenido formateado | Colección Nacional de Bellas Artes Galería Corcoran de Arte Galería Nacional de Arte La colección Phillips Museo Hirshhorn y Jardín de Escultura La Casa Blanca Secretaria de Estado |
| 650 14 - ENTRADA DE SUJETO AÑADIDO - TÉRMINO TÓPICO | |
| Término tópico o elemento de entrada del nombre geográfico | ARTE CONTEMPORANEO ESTADOUNIDENSE |
| 650 14 - ENTRADA DE SUJETO AÑADIDO - TÉRMINO TÓPICO | |
| Término tópico o elemento de entrada del nombre geográfico | COLECCIONES |
| 650 14 - ENTRADA DE SUJETO AÑADIDO - TÉRMINO TÓPICO | |
| Término tópico o elemento de entrada del nombre geográfico | COLECCIONES MUSEOGRAFICAS ESTADOS UNIDOS |
| 650 14 - ENTRADA DE SUJETO AÑADIDO - TÉRMINO TÓPICO | |
| Término tópico o elemento de entrada del nombre geográfico | PINTURA ESTADOUNIDENSE |
| Estado de retirada | Pérdida de estatus | Estado dañado | No para préstamo | Código de recogida | Ubicación permanente | Ubicación actual | Ubicación de las estanterías | Fecha de adquisición | Número de llamada completo | Código de barras | Fecha de la última vez que se vio | Número de copia | Precio efectivo desde | Tipo de artículo Koha |
|---|---|---|---|---|---|---|---|---|---|---|---|---|---|---|
| General | ArtNexus | ArtNexus | General | 06/09/2022 | P-US-00 I57P | 2991 | 06/09/2022 | Ej.1 | 06/09/2022 | Libro |